000
00259nam a22001097a 4500
008
240613b |||||||| |||| 00| 0 eng d
100
_a
Gargi, Balwant
_9
15419
245
_a
Dhoni Di Agg
260
_a
Delhi:
_b
Navyug Pub.;
_c
1968.
300
_a
89p.
942
_c
BK
999
_c
39586
_d
39586